Criminologa̕ para todos

Detalles Bibliográficos
Autor principal: Ro̕s Patio, Gino
Otros Autores: Espinoza Bonifaz, Renzo
Formato: eBook
Lenguaje:español
Materias:
Acceso en línea:Acceso restringido

MARC

LEADER 00000nam a22000007a 4500
005 20220907002633.0
007 cr|||| ||||
008 220907s2022 pe |||||s|||| 00||0 spa d
020 |a 978-612-4460-41-8 
035 |a 36892 
040 |a vLex 
090 |c 13881  |d 13881 
100 1 |a Ro̕s Patio, Gino 
245 1 0 |a Criminologa̕ para todos  |h [Recurso electrn̤ico] /  |c Gino Ro̕s Patio, Renzo Espinoza Bonifaz 
256 |a Servicio en ln̕ea 
300 |a 1 recurso electrn̤ico 
506 1 |a Disponible solo en los productos indicados  |d vLex Global  |d vLex Global (Academic Edition, excluding Law Schools)  |d vLex Global (U.S. Academic Edition, Law Schools)  |d vLex Global (U.S. Academic Edition, excluding Law Schools)  |d vLex Global (Academic Edition, Law Schools) 
650 0 4 |a Derecho Penal  |z Per︢ 
700 1 |a Espinoza Bonifaz, Renzo 
740 0 |a vLex Libros (Servicio en ln̕ea) 
856 4 0 |u https://app.vlex.com/#/sources/36892  |z Acceso restringido 
942 |c BOOK 
999 0 |a Criminal law